| 000 | 00919nam a22002297a 4500 | ||
|---|---|---|---|
| 999 |
_c4087 _d4087 |
||
| 003 | AR-CdUCM | ||
| 008 | 190307b ||||| |||| 00| 0 spa d | ||
| 040 |
_aMUNICIPALIDAD PROVINCIAL DEL CUSCO _cBIBLIOTECA MUNICIPAL DEL CUSCO |
||
| 082 |
_a140.4 / _bAL35 |
||
| 100 |
_aAlarco, Luis Felipe _911080 |
||
| 245 | _aEnsayos de filosofía prima / | ||
| 260 |
_aLima : _bSociedad Peruana de Filosofía, _c1951. |
||
| 300 |
_a119 páginas ; _c19 cm. |
||
| 440 |
_aColección plena luz, pleno ser _n5 _912969 |
||
| 505 | _aContenido: El problema de la trascendencia -- El libre albedrío -- La inmortalidad -- En torno a la existencia divina -- Importancia del existencialismo -- Miguel de Unamuno y el sentido de la vida. | ||
| 650 |
_aMetafísica _92817 |
||
| 650 |
_aEnsayos, conferencias, etc _910020 |
||
| 650 |
_aPerú _935 |
||
| 710 |
_aSociedad Peruana de Filosofía _912970 |
||
| 942 |
_2ddc _cLIBROS |
||
| 945 | _araen | ||